Marvel Characters by Catch Phrase - Statistics

General Stats
  • This quiz has been taken 66 times
  • The average score is 7 of 13
Answer Stats
Catch Phrase Character % Correct
____ SMASH!! Hulk
100%
My _____-sense is tingling. Spider-Man
98%
By Odin‘s Beard! Thor
93%
I can do this all day. Captain America
85%
Flame On! Human Torch
85%
It‘s Clobberin‘ Time! Thing
78%
To me, my X-Men. Professor X
64%
I‘m the best there is at what I do, but what I do isn‘t very nice. Wolverine
51%
Imperius Rex! Namor the Sub-Mariner
27%
Oh, My Stars and Garters! Beast
22%
Sweet Christmas! Luke Cage
19%
The Die is Cast! Doctor Octopus
5%
____ ___ Magic! Moon Girl
3%
No matching quizzes found
Score Distribution
Percent of People with Each Score
Percentile by Number Answered
Your Score History
You have not taken this quiz